[Event "Fast SC for NEW Members"]
[Site "SchemingMind.com"]
[Date "2006.11.29"]
[Round "-"]
[White "jp781"]
[Black "Davion"]
[Result "1-0"]
[WhiteCountry "USA"]
[BlackCountry "MAS"]
[WhiteElo "1793"]
[WhiteRD "123"]
[BlackElo "1265"]
[BlackRD "132"]
[GameID "79061"]

1. e4 e5 2. Nf3 Nc6 3. Bb5 Nb4 4. O-O a6 5. Bc4 Qf6 6. d3 Nc6 7. Ng5 Nh6 8. Nc3 b5 9. Bd5 Bc5 10. Qh5 Kd8
11. Bxf7 d6 12. Nd5 Qf4 13. Nxf4 Rf8 14. Nfe6+
1-0

[Event "Fast SC for NEW Members"]
[Site "SchemingMind.com"]
[Date "2006.11.29"]
[Round "-"]
[White "Davion"]
[Black "jp781"]
[Result "0-1"]
[WhiteCountry "MAS"]
[BlackCountry "USA"]
[WhiteElo "1265"]
[WhiteRD "132"]
[BlackElo "1793"]
[BlackRD "123"]
[GameID "79062"]

1. e4 c5 2. Bc4 e6 3. Nf3 Nc6 4. Ng5 Qxg5 5. Qf3 Nd4 6. Bb3 Nxf3+ 7. Kd1 Qxg2 8. Re1 Nxe1 9. Kxe1 Qxe4+ 10. Kd1 Nf6
11. d3 Qf3+ 12. Ke1 Ng4 13. Bd2 g6 14. Nc3 Qxf2+
0-1

[Event "Fast SC for NEW Members"]
[Site "SchemingMind.com"]
[Date "2006.11.29"]
[Round "-"]
[White "russellhead"]
[Black "jp781"]
[Result "0-1"]
[WhiteCountry "USA"]
[BlackCountry "USA"]
[WhiteElo "1422"]
[WhiteRD "99"]
[BlackElo "1897"]
[BlackRD "190"]
[GameID "79068"]

1. d4 Nf6 2. Bf4 d5 3. e3 c5 4. Nf3 e6 5. c3 Nc6 6. Bd3 c4 7. Be2 Na5 8. O-O Qb6 9. Qa4+ Bd7 10. Qc2 h6
11. Ne5 Be7 12. Nd2 O-O 13. Nxd7 Nxd7 14. Qa4 Nc6 15. Rab1 a6 16. b3 Qd8 17. bxc4 Nb6 18. Qd1 dxc4 19. Nxc4 Nd5 20. Rxb7 Nxc3
21. Qd3 Nd5 22. Bd1 Nxf4 23. exf4 Rb8 24. Bc2 g6 25. Rxb8 Qxb8 26. Ne5 Nb4 27. Qb3 Nxc2 28. Qxb8 Rxb8 29. Nc6 Rb7 30. Rc1 Ba3
31. Rxc2 Rb1+
0-1

[Event "Fast SC for NEW Members"]
[Site "SchemingMind.com"]
[Date "2006.11.29"]
[Round "-"]
[White "russellhead"]
[Black "Davion"]
[Result "1-0"]
[WhiteCountry "USA"]
[BlackCountry "MAS"]
[WhiteElo "1450"]
[WhiteRD "69"]
[BlackElo "1265"]
[BlackRD "132"]
[GameID "79069"]

1. d4 b6 2. Bf4 Na6 3. e3 Bb7 4. c3 Nf6 5. Nf3 d6 6. Bd3 c6 7. O-O h6 8. Bc2 g5 9. Bg3 c5 10. Ba4+ Nd7
11. d5 e5 12. dxe6 fxe6 13. Nbd2 Bd5 14. Be5 Rh7 15. Qc2 Nc7 16. Qxh7 b5 17. Qg6+ Ke7 18. h4 dxe5 19. Qh7+ Kd6 20. Rad1 Nf6
21. Ne4+ Nxe4 22. Qxe4 bxa4 23. Nxe5 Ke7 24. Qh7+ Ke8 25. c4 Bxc4 26. Qf7#
1-0

[Event "Fast SC for NEW Members"]
[Site "SchemingMind.com"]
[Date "2006.11.29"]
[Round "-"]
[White "jp781"]
[Black "russellhead"]
[Result "1-0"]
[WhiteCountry "USA"]
[BlackCountry "USA"]
[WhiteElo "1897"]
[WhiteRD "190"]
[BlackElo "1422"]
[BlackRD "99"]
[GameID "79070"]

1. e4 e5 2. Nf3 f6 3. Nxe5 fxe5 4. Qh5+ g6 5. Qxe5+ Qe7 6. Qxh8 Qg7 7. Qxg7 Bxg7 8. Bc4 Nf6 9. d3 Nc6 10. c3 d6
11. O-O Ne5 12. Na3 Bg4 13. h3 Be2 14. Re1 Bxd3 15. Bxd3 Nxd3 16. Re3 Nxc1 17. g3 O-O-O 18. Rxc1 Re8 19. Rce1 Bh6 20. f4 c5
21. Nc4 Kd7 22. e5 d5 23. exf6 Re4 24. Rxe4 dxe4 25. Rxe4 b5 26. Re7+ Kd8 27. Ne5 Bf8 28. Nf7+ Kc8 29. Re8+ Kd7 30. Rxf8 Ke6
31. Ng5+ Kf5 32. f7 a5 33. Re8 Kf6 34. f8=Q#
1-0

[Event "Fast SC for NEW Members"]
[Site "SchemingMind.com"]
[Date "2006.11.30"]
[Round "-"]
[White "Davion"]
[Black "russellhead"]
[Result "0-1"]
[WhiteCountry "MAS"]
[BlackCountry "USA"]
[WhiteElo "1265"]
[WhiteRD "132"]
[BlackElo "1450"]
[BlackRD "69"]
[GameID "79071"]

1. e4 d5 2. Nc3 Nf6 3. Bd3 e5 4. Qf3 Be6 5. Nh3 Nc6 6. Qe3 Bd6 7. Ng5 d4 8. Qf3 O-O 9. a3 Bg4 10. Qf5 Bxf5
11. Nb5 Bg4 12. f3 Qd7 13. h3 a6 14. hxg4 axb5 15. Bxb5 Ra5 16. Bc4 Nb4 17. Bb3 d3 18. cxd3 Nxd3+ 19. Kd1 h6 20. Nh3 Rd8
21. Bc4 Bc5 22. b4 Qd4 23. Bb3 Qxa1 24. Kc2 Nxb4+ 25. axb4 Bxb4 26. Rd1 Rc5+
0-1

[Event "Fast SC for NEW Members"]
[Site "SchemingMind.com"]
[Date "2006.11.30"]
[Round "-"]
[White "Nightlamp"]
[Black "russellhead"]
[Result "1-0"]
[WhiteCountry "BEL"]
[BlackCountry "USA"]
[WhiteElo "1777"]
[WhiteRD "165"]
[BlackElo "1422"]
[BlackRD "99"]
[GameID "79154"]

1. d4 d5 2. Nf3 Bf5 3. g3 e6 4. Bg2 Nf6 5. O-O c6 6. c4 Nbd7 7. Nc3 Bd6 8. Nh4 g6 9. Nxf5 gxf5 10. cxd5 cxd5
11. Bf4 Bxf4 12. gxf4 h5 13. e3 Rg8 14. Kh1 h4 15. h3 Qe7 16. Qb3 b6 17. Nb5 Qd8 18. Nd6+ Ke7 19. Qa3 Qb8 20. Nxf5+ Ke8
21. Qe7#
1-0

[Event "Fast SC for NEW Members"]
[Site "SchemingMind.com"]
[Date "2006.11.29"]
[Round "-"]
[White "Nightlamp"]
[Black "jp781"]
[Result "0-1"]
[WhiteCountry "BEL"]
[BlackCountry "USA"]
[WhiteElo "1777"]
[WhiteRD "165"]
[BlackElo "1897"]
[BlackRD "190"]
[GameID "79155"]

1. d4 Nf6 2. Nf3 d5 3. g3 e6 4. Bg2 c5 5. O-O Nc6 6. c4 dxc4 7. Qa4 Bd7 8. Qxc4 b5 9. Qd3 Rb8 10. Nc3 Nb4
11. Qd1 Be7 12. e4 Bc6 13. a3 Na6 14. d5 exd5 15. Ne5 Bd7 16. exd5 Bd6 17. Nc6 Bxc6 18. dxc6 O-O 19. Bg5 Be7 20. a4 b4
21. Nb5 Qb6 22. Re1 Rfe8 23. Nd6 Rbd8 24. Nxe8 Rxd1 25. Raxd1 h6 26. Rxe7 hxg5 27. Nxf6+ gxf6 28. Rdd7 c4 29. Rxf7 Qc5 30. Bd5 Qxd5
31. Rxd5 Kxf7 32. Rd7+ Ke6 33. Rxa7 Kd6 34. Kf1 Nc7 35. Ra5 c3 36. bxc3 b3 37. Ra7 Kxc6 38. Ke2 b2
0-1

[Event "Fast SC for NEW Members"]
[Site "SchemingMind.com"]
[Date "2006.11.30"]
[Round "-"]
[White "russellhead"]
[Black "Nightlamp"]
[Result "0-1"]
[WhiteCountry "USA"]
[BlackCountry "BEL"]
[WhiteElo "1422"]
[WhiteRD "99"]
[BlackElo "1777"]
[BlackRD "165"]
[GameID "79157"]

1. d4 d5 2. Bf4 Nc6 3. e3 Nf6 4. Nf3 Bg4 5. h3 Bh5 6. c3 e6 7. Bd3 Bd6 8. Bxd6 Qxd6 9. Nbd2 O-O 10. Bb1 e5
11. Qc2 exd4 12. g4 Bg6 13. Qa4 dxe3 14. fxe3 Qg3+ 15. Kf1 Ne4 16. Nxe4 Qxf3+ 17. Kg1 Bxe4 18. Bxe4 Qxe3+ 19. Kg2 dxe4 20. Qd1 Rad8
21. Qe1 Rd2+ 22. Kf1 Qf3+
0-1

[Event "Fast SC for NEW Members"]
[Site "SchemingMind.com"]
[Date "2006.11.29"]
[Round "-"]
[White "jp781"]
[Black "Nightlamp"]
[Result "0-1"]
[WhiteCountry "USA"]
[BlackCountry "BEL"]
[WhiteElo "1793"]
[WhiteRD "123"]
[BlackElo "1839"]
[BlackRD "88"]
[GameID "79158"]

1. e4 c5 2. Nf3 e6 3. d4 cxd4 4. Nxd4 Nc6 5. Nc3 Qc7 6. Ndb5 Qb8 7. g3 a6 8. Bf4 e5 9. Be3 axb5 10. Bxb5 Bb4
11. Bd2 Nf6 12. f3 d6 13. Nd5 Bxd2+ 14. Qxd2 Bd7 15. Nb6 Qd8 16. Nxa8 Qxa8 17. Bxc6 Bxc6 18. Qxd6 Qa5+ 19. c3 Nd7 20. O-O Qc5+
21. Qxc5 Nxc5 22. Rad1 Ke7 23. b4 Ne6 24. c4 Nd4 25. b5 Bd7 26. c5 Bxb5 27. Rf2 Rd8 28. Rb1 Bc6 29. Kg2 Ra8 30. Rc1 Ra3
31. Re1 Rc3 32. g4 Rxc5 33. h4 Rc3 34. Kg3 Ke6 35. h5 g6 36. hxg6 hxg6 37. g5 Ke7 38. Kg4 Ne6 39. Ra1 Bd7 40. a3 Nf4+
41. Kg3 Rc8 42. Rh2 Nh5+ 43. Kg2 Rc2+ 44. Kg1 Rxh2 45. Kxh2 Nf4 46. Kg3 Bc6 47. a4 Ne6 48. Kg4 Nc5 49. a5 Bb5 50. Rb1 Ba6
51. Kg3 Ne6 52. Kg4= Nd4 53. Rb2 Nc6 54. Ra2 Bc4 55. Ra3 Kd6 56. Ra1 Kc5 57. Kg3 Kb5 58. Kf2 Nxa5 59. Rxa5+ Kxa5
0-1

[Event "Fast SC for NEW Members"]
[Site "SchemingMind.com"]
[Date "2006.11.30"]
[Round "-"]
[White "revista_ajedrezca@yahoo.com"]
[Black "russellhead"]
[Result "0-1"]
[WhiteCountry "ESA"]
[BlackCountry "USA"]
[WhiteElo "1124"]
[WhiteRD "143"]
[BlackElo "1450"]
[BlackRD "69"]
[GameID "79237"]

1. e4 d5 2. exd5 Qxd5 3. Nc3 Qc6 4. Bb5 Nf6 5. Bxc6+ Nxc6 6. Nf3 e5 7. O-O Bd6 8. d3 Be6 9. Ne4 O-O-O 10. Nxd6+ Rxd6
11. Re1 Rhd8
0-1

[Event "Fast SC for NEW Members"]
[Site "SchemingMind.com"]
[Date "2006.11.29"]
[Round "-"]
[White "revista_ajedrezca@yahoo.com"]
[Black "jp781"]
[Result "0-1"]
[WhiteCountry "ESA"]
[BlackCountry "USA"]
[WhiteElo "1223"]
[WhiteRD "182"]
[BlackElo "1897"]
[BlackRD "190"]
[GameID "79238"]

1. c4 Nf6 2. d4 g6 3. Nc3 Bg7 4. e4 d6 5. Nf3 O-O 6. Be2 e5 7. dxe5 dxe5 8. Qxd8 Rxd8 9. Bg5 Re8 10. Nd5 Nxd5
11. cxd5 f6 12. Be3= c6 13. Bc4 Kh8
0-1

[Event "Fast SC for NEW Members"]
[Site "SchemingMind.com"]
[Date "2006.11.29"]
[Round "-"]
[White "revista_ajedrezca@yahoo.com"]
[Black "Nightlamp"]
[Result "0-1"]
[WhiteCountry "ESA"]
[BlackCountry "BEL"]
[WhiteElo "1124"]
[WhiteRD "143"]
[BlackElo "1839"]
[BlackRD "88"]
[GameID "79240"]

1. e4 c5 2. Nf3 e6 3. d4 cxd4 4. Nxd4 Nc6 5. Nb5 d6 6. N1c3 a6 7. Na3 b5 8. Ne2 Nf6 9. Ng3 Bb7 10. Bd3 Be7
11. c3 O-O 12. O-O Re8 13. Be3 Rc8 14. f4= Qc7 15. Rc1 Na5 16. Qe2 d5 17. e5 Ne4 18. Bd4 Nxg3 19. hxg3 Bc5 20. Qe3= Nc4
21. Nxc4 dxc4 22. Bb1 Red8
0-1

[Event "Fast SC for NEW Members"]
[Site "SchemingMind.com"]
[Date "2006.11.30"]
[Round "-"]
[White "russellhead"]
[Black "revista_ajedrezca@yahoo.com"]
[Result "1-0"]
[WhiteCountry "USA"]
[BlackCountry "ESA"]
[WhiteElo "1450"]
[WhiteRD "69"]
[BlackElo "1124"]
[BlackRD "143"]
[GameID "79241"]

1. d4 Nf6 2. Bf4 d5 3. e3 e6= 4. Nc3 c6 5. Nf3 Nbd7 6. Bd3 a6 7. a3 c5 8. Ne5 Nxe5 9. Bxe5 Bd6 10. f4 cxd4
11. exd4
1-0

[Event "Fast SC for NEW Members"]
[Site "SchemingMind.com"]
[Date "2006.11.30"]
[Round "-"]
[White "jp781"]
[Black "revista_ajedrezca@yahoo.com"]
[Result "1-0"]
[WhiteCountry "USA"]
[BlackCountry "ESA"]
[WhiteElo "1897"]
[WhiteRD "190"]
[BlackElo "1223"]
[BlackRD "182"]
[GameID "79242"]

1. e4 e5 2. Nf3 Nf6 3. Nxe5 d6 4. Nf3 Nxe4 5. d4 d5 6. Bd3 Bg4= 7. h3 Bh5 8. O-O Qf6 9. g4 Bg6 10. Re1 Be7
11. c4 c6 12. Nc3
1-0

[Event "Fast SC for NEW Members"]
[Site "SchemingMind.com"]
[Date "2006.11.30"]
[Round "-"]
[White "Nightlamp"]
[Black "revista_ajedrezca@yahoo.com"]
[Result "1-0"]
[WhiteCountry "BEL"]
[BlackCountry "ESA"]
[WhiteElo "1839"]
[WhiteRD "88"]
[BlackElo "1124"]
[BlackRD "143"]
[GameID "79244"]

1. d4 Nf6 2. Nf3 d5 3. g3 e6 4. Bg2 c5 5. O-O Nc6 6. c4 dxc4 7. Qa4 Bd7 8. Qxc4 cxd4 9. Nxd4 Nxd4 10. Qxd4 Bc6
11. Bxc6+ bxc6 12. Qa4 Qb6 13. Nc3 Bc5 14. Bg5 Nd5 15. Ne4 Be7 16. Bxe7 Nxe7 17. Nd6+ Kf8 18. Qf4 f6 19. Nc4 Qb8 20. Qe4 Qc8
21. Rfd1 f5 22. Qe5 Nd5 23. Rac1
1-0

[Event "Fast SC for NEW Members"]
[Site "SchemingMind.com"]
[Date "2006.11.30"]
[Round "-"]
[White "Pan69"]
[Black "russellhead"]
[Result "0-1"]
[WhiteCountry "USA"]
[BlackCountry "USA"]
[WhiteElo "1423"]
[WhiteRD "116"]
[BlackElo "1450"]
[BlackRD "69"]
[GameID "79265"]

1. Nf3 d5 2. d4 Bf5 3. e3 e6 4. Bb5+ c6 5. Ba4 Bd6 6. Nh4 Qxh4 7. g3 Qh3 8. Kd2 Qg2 9. Qe1 Nf6 10. h4 Ne4+
11. Kd3 Nxf2+ 12. Kc3 Qxh1 13. Qxh1 Nxh1 14. b4 Nxg3 15. Ba3 Nf1 16. b5 Bxa3 17. Nxa3 Nxe3 18. Rc1 Nd7 19. bxc6 bxc6 20. Bxc6 Rc8
21. Kd2 Ng2 22. Rg1 Rxc6 23. Rxg2 g6 24. c3 Ke7 25. Rg1 Rb8 26. Nb1 Bxb1 27. h5 Rb2+ 28. Kc1 Rcb6 29. hxg6 hxg6 30. Rh1 Bxa2
31. Rd1 Rb1+ 32. Kd2 R6b2+ 33. Ke3 Rxd1 34. Kf4 Rf2+ 35. Kg5 Rh1 36. Kg4 Kf6 37. Kg3 Rf5 38. Kg2 Rhh5
0-1

[Event "Fast SC for NEW Members"]
[Site "SchemingMind.com"]
[Date "2006.11.29"]
[Round "-"]
[White "Pan69"]
[Black "jp781"]
[Result "0-1"]
[WhiteCountry "USA"]
[BlackCountry "USA"]
[WhiteElo "1423"]
[WhiteRD "116"]
[BlackElo "1793"]
[BlackRD "123"]
[GameID "79266"]

1. Nf3 d5 2. d4 c5 3. dxc5 Nc6 4. Bg5 f6 5. Be3 e5 6. Na3 d4 7. Bd2 Bxc5 8. c3 dxc3 9. Bxc3 Qxd1+ 10. Rxd1 Nge7
11. e3 O-O 12. Bc4+ Kh8 13. Nc2 Bf5 14. Na3 a6 15. O-O b5 16. Be2 b4 17. Nc4 bxc3 18. bxc3 Rab8 19. Bd3 Bg4 20. h3 Bxf3
21. gxf3 f5 22. e4 f4 23. Nd2 a5 24. Bc4 a4 25. Nb1 Na5 26. Be6 Rf6 27. Bg4 h6 28. Rd3 g6 29. Rfd1 Rb2 30. Rd8+ Kg7
31. Ra8 Bb6 32. Re8 Kf7 33. Bd7 Rxf2 34. Rd3 Rxf3+ 35. Rd4 exd4 36. cxd4 Bxd4+ 37. Kg2 Re3 38. Ra8 f3+ 39. Kf1 f2 40. Bb5 Re1+
41. Kg2 Rg1+ 42. Kh2 Be5#
0-1

[Event "Fast SC for NEW Members"]
[Site "SchemingMind.com"]
[Date "2006.11.30"]
[Round "-"]
[White "Pan69"]
[Black "Davion"]
[Result "1-0"]
[WhiteCountry "USA"]
[BlackCountry "MAS"]
[WhiteElo "1423"]
[WhiteRD "116"]
[BlackElo "1265"]
[BlackRD "132"]
[GameID "79267"]

1. e3 e5 2. Bc4 d5 3. Bb5+ c6 4. Be2 Qf6 5. d4 Nh6 6. Nf3 exd4 7. exd4 Nd7 8. c3 Qg6 9. Nh4 Qe4 10. Nf3 Nf6
11. Nfd2 Qxg2 12. Bf3 Qh3 13. Rg1 Bf5 14. Rg3 Qxh2 15. Nf1 Qh4 16. Qe2+ Be7 17. Bg5
1-0

[Event "Fast SC for NEW Members"]
[Site "SchemingMind.com"]
[Date "2006.11.29"]
[Round "-"]
[White "Pan69"]
[Black "Nightlamp"]
[Result "0-1"]
[WhiteCountry "USA"]
[BlackCountry "BEL"]
[WhiteElo "1416"]
[WhiteRD "118"]
[BlackElo "1932"]
[BlackRD "79"]
[GameID "79268"]

1. e3 c5 2. Bc4 Nc6 3. Qf3 Ne5 4. Qf4 Nxc4 5. Qxc4 e6 6. d4 b6 7. Nc3 Nf6 8. Na4 d5 9. Qe2 Bd7 10. b3 c4
11. Nb2 b5 12. Nf3 Bd6 13. bxc4 bxc4 14. Ng5 h6 15. Nf3 Bb4+ 16. Bd2 c3 17. Nd3 cxd2+ 18. Nxd2 Bxd2+ 19. Qxd2 Ne4 20. Qb4 Qe7
21. Qb7 O-O 22. Rb1 Nd6 23. Qc7 Rfc8 24. Qa5 Nc4 25. Qc5 Rxc5 26. Nxc5 Bc6 27. O-O e5 28. Rfe1 Re8 29. c3 Qg5 30. f4 exf4
31. exf4 Rxe1+ 32. Rxe1 Qxf4 33. Rf1 Qe3+ 34. Rf2 Nd6 35. g3 Ne4 36. Nxe4 dxe4 37. Kf1 Bb5+ 38. Kg2 Qxc3 39. h4 Qxd4 40. Rb2 Qxb2+
0-1

[Event "Fast SC for NEW Members"]
[Site "SchemingMind.com"]
[Date "2006.11.30"]
[Round "-"]
[White "russellhead"]
[Black "Pan69"]
[Result "1-0"]
[WhiteCountry "USA"]
[BlackCountry "USA"]
[WhiteElo "1450"]
[WhiteRD "69"]
[BlackElo "1423"]
[BlackRD "116"]
[GameID "79270"]

1. d4 d5 2. Bf4 Bg4 3. Nf3 e6 4. c3 Bd6 5. e3 Nf6 6. Bd3 c6 7. O-O Bh5 8. Nbd2 Bg6 9. Qc2 Nh5 10. Bg5 f6
11. Bh4 Qc7 12. g3 Bf5 13. Bxf5 exf5 14. Qxf5 g6 15. Qe6+ Qe7 16. Qc8+ Qd8 17. Qxb7 Qd7 18. Qxa8 g5 19. Nxg5 fxg5 20. Bxg5 Rg8
21. f4 Kf7 22. Nf3 Na6 23. Ne5+ Bxe5 24. fxe5+ Kg7 25. Bf6+ Nxf6 26. exf6+ Kf7 27. Qxg8+ Kxg8 28. f7+ Kf8 29. Rf4 Qe7 30. Rf3 Qe4
31. Raf1 Qc2 32. Rf6 Nb8 33. Rd6 Qxb2 34. Rd8+ Ke7 35. f8=Q+ Ke6 36. Qe8#
1-0

[Event "Fast SC for NEW Members"]
[Site "SchemingMind.com"]
[Date "2006.11.29"]
[Round "-"]
[White "jp781"]
[Black "Pan69"]
[Result "1-0"]
[WhiteCountry "USA"]
[BlackCountry "USA"]
[WhiteElo "1793"]
[WhiteRD "123"]
[BlackElo "1423"]
[BlackRD "116"]
[GameID "79271"]

1. e4 Nf6 2. e5 Nd5 3. d4 e6 4. c4 Nb4 5. Nc3 d5 6. Nf3 Be7 7. a3 N4a6 8. Bd3 c5 9. Be3 Nc6 10. h4 f6
11. Ne2 Na5 12. exf6 gxf6 13. Nd2 e5 14. dxe5 fxe5 15. cxd5 Qxd5 16. Be4 Qg8 17. Qa4+ Bd7 18. Qxa5 Bd8 19. Qc3 Bf6 20. Bxb7 Rb8
21. Bxa6 Qxg2 22. Rg1 Qc6 23. Bc4 e4 24. Qc2 Bxh4 25. Qxe4+ Be7 26. Qxc6 Bxc6 27. O-O-O Bf6 28. b3 Rf8 29. Bxc5 Be7 30. Bxe7 Kxe7
31. Rge1 Rxf2 32. Nd4+ Kd7 33. Nxc6 Kxc6 34. Re6+ Kc7 35. Ne4 Rb6 36. Re7+ Kc6 37. Rd6#
1-0

[Event "Fast SC for NEW Members"]
[Site "SchemingMind.com"]
[Date "2006.11.30"]
[Round "-"]
[White "Davion"]
[Black "Pan69"]
[Result "0-1"]
[WhiteCountry "MAS"]
[BlackCountry "USA"]
[WhiteElo "1265"]
[WhiteRD "132"]
[BlackElo "1423"]
[BlackRD "116"]
[GameID "79272"]

1. e4 Nf6 2. Nc3 d5 3. d4 dxe4 4. Bc4 Bg4 5. f3 Be6 6. Bxe6 fxe6 7. fxe4 Nc6 8. Bf4 Nxd4 9. Nb5 Nxb5 10. Qxd8+ Kxd8
11. Rd1+ Nd6 12. h3 Nxe4 13. Nf3 h6 14. Nd4 g5 15. Nxe6+ Kd7 16. Be5 Rh7
0-1

[Event "Fast SC for NEW Members"]
[Site "SchemingMind.com"]
[Date "2006.11.29"]
[Round "-"]
[White "Nightlamp"]
[Black "Pan69"]
[Result "1-0"]
[WhiteCountry "BEL"]
[BlackCountry "USA"]
[WhiteElo "1777"]
[WhiteRD "165"]
[BlackElo "1562"]
[BlackRD "149"]
[GameID "79273"]

1. d4 d5 2. Nf3 e6 3. c4 dxc4 4. e4 b5 5. Nc3 b4 6. Nb1 Nf6 7. Qc2 Ba6 8. Nbd2 c3 9. bxc3 Ng4 10. Bxa6 Nxa6
11. Qa4+ Qd7 12. Qxa6 bxc3 13. Nb3 Nf6 14. Ne5 Qd6 15. Qb5+ c6 16. Qb7 Rd8 17. Qxf7#
1-0